Consumer behaviour in the valuation of residential property (Record no. 74226)

MARC details
000 -LEADER
fixed length control field 01524cab a2200265 4500
001 - CONTROL NUMBER
control field ABS67571
008 - FIXED-LENGTH DATA ELEMENTS--GENERAL INFORMATION
fixed length control field 040303n2003 000 0 eng u
035 ## - SYSTEM CONTROL NUMBER
System control number (Sirsi) u125318
100 ## - MAIN ENTRY--PERSONAL NAME
Personal name Daly, J.
245 ## - TITLE STATEMENT
Title Consumer behaviour in the valuation of residential property
260 ## - PUBLICATION, DISTRIBUTION, ETC.
Date of publication, distribution, etc. 2003
490 ## - SERIES STATEMENT
Series statement Property Management
Volume/sequential designation 21(5) 2003, 295-314(20)
520 ## - SUMMARY, ETC.
Summary, etc. Reports on the results of empirical investigations that examine behavioral aspects of residential property valuations. Analyses both the attitudes of the consumers of residential property and the actual valuation methods used by valuers to determine whether they account for buyer behaviour accurately. Concludes that although valuers believe that buyer behaviour is an important part of the valuation process they do not consider buyer preferences. They have reduced the valuation task to a confirmation of bid price and because of lender pressure which occurs worldwide, valuers overlook the economic sustainability of the property asset, which has severe implications for housing markets and national economies that interact with these markets. Tables and references. [Taken from journal abstract].
590 ## - LOCAL NOTE (RLIN)
Local note ABS
650 ## - SUBJECT ADDED ENTRY--TOPICAL TERM
Topical term or geographic name entry element RESIDENTIAL PROPERTY
9 (RLIN) 6266
650 ## - SUBJECT ADDED ENTRY--TOPICAL TERM
Topical term or geographic name entry element BEHAVIOUR
650 ## - SUBJECT ADDED ENTRY--TOPICAL TERM
Topical term or geographic name entry element UNITED KINGDOM
650 ## - SUBJECT ADDED ENTRY--TOPICAL TERM
Topical term or geographic name entry element IRELAND
650 ## - SUBJECT ADDED ENTRY--TOPICAL TERM
Topical term or geographic name entry element AUSTRALIA
690 ## - LOCAL SUBJECT ADDED ENTRY--TOPICAL TERM (OCLC, RLIN)
Topical term or geographic name as entry element PROPERTY-RESIDENTIAL PROPERTY-RESIDENTIAL PROPERTY APPRAISAL AND VALUATION
700 ## - ADDED ENTRY--PERSONAL NAME
Personal name Gronow, S.
700 ## - ADDED ENTRY--PERSONAL NAME
Personal name Jenkins, D.
700 ## - ADDED ENTRY--PERSONAL NAME
Personal name Plimmer, F.
942 ## - ADDED ENTRY ELEMENTS (KOHA)
Suppress in OPAC 0
Holdings
Withdrawn status Lost status Source of classification or shelving scheme Damaged status Not for loan Home library Current library Shelving location Date acquired Total Checkouts Full call number Barcode Date last seen Copy number Price effective from Koha item type
    Dewey Decimal Classification     London London Journal article 03/03/2004   ABS67571 125318-1001 06/08/2019 1 06/08/2019 Journal article